00721nam a2200229 a 4500001001300000003000900013005001700022008004100039020001400080082001300094100002100107245007300128260004600201300000900247500003500256505002900291700002100320902000800341942000700349952011800356999001700474nice12345678IN_TiNIC20260116014952.0050524s1994 nasa grp 000 0 eng  ac1057.5400a201bGRA aGraham, Franklin aRebel With a Causeb Finally Comfortable Being Graham: Autobiography aNashvillebThomas Nelson Publishersc1994 a314p aincludes index and biblioraphy2 aIndex of Name and Places1 aGraham, Franklin bSRS cBK 001040708StackRoom-aHMIbHMId2007-03-19g1057.54l0o201 GRAp11001196r2007-03-19v1057.54w2005-05-24yBK c17768d17768